000 00904nam a22002297a 4500
003 OSt
005 20250910112222.0
008 240815b ||||| |||| 00| 0 eng d
040 _c0
082 _aDPer 510.5 Am351 October-December 2019 v. 141 n. 5-6
100 _aHan, Jiyuan.
_eauthor.
_957928
245 _aDeformation theory of scalar-flat Kahler ALE surfaces /
_cJiyuan Han and Jeff A. Viaclovsky.
260 _aBaltimore, Maryland U.S. ;
_bJohns Hopkins University Press ,
_cDecember 2019.
300 _aVolume 141, pages 1547-1589 :
_billustration ;
_c26 cm.
500 _aAmerican Journals of Mathematics, vol. 141, no. 6, pages 1547-1589, December 2019.
650 _aMathematics.
_960513
650 _aMetric system.
_947732
650 _aMathematical analysis.
_915001
700 _aHan, Jiyuan.
_eauthor.
_957929
700 _aViaclovsky, Jeff A.
_eauthor.
_957930
942 _2ddc
_cPER
999 _c20509
_d20509